000 00237nam a22000857a 4500
999 _c11557
_d11557
008 190618b ||||| |||| 00| 0 eng d
100 _a Clever Factory
_97264
245 _a Bible Reader's stories in Book
260 _aChina
_bThe Clever
_c2017